Normal view
MARC view
- Harigopal, K .
Entry Personal Name
001 - CONTROL NUMBER
- control field: 3241
003 - CONTROL NUMBER IDENTIFIER
- control field: OSt
005 - DATE AND TIME OF LATEST TRANSACTION
- control field: 20180727113555.0
008 - FIXED-LENGTH DATA ELEMENTS
- fixed length control field: 180727|| aca||aabn | a|a d
040 ## - CATALOGING SOURCE
- Original cataloging agency: OSt
- Transcribing agency: OSt
100 ## - HEADING--PERSONAL NAME
- Personal name: Harigopal, K .
670 ## - SOURCE DATA FOUND
- Source citation: Work cat.: (OSt)34: Harigopal, K ., Conflict management / , 1995.
